Historia del siglo XX: Europa, América, Asia, Africa y Oceanía

Uloženo v:
Podrobná bibliografie
Hlavní autor: Béjar, María Dolores (Autor)
Médium: Kniha
Jazyk:španělština
Vydáno: Buenos Aires Siglo Veintiuno 2011
Vydání:1a. ed
Edice:Biblioteca Básica de Historia
Témata:
Tagy: Přidat tag
Žádné tagy, Buďte první, kdo vytvoří štítek k tomuto záznamu!

MARC

LEADER 00000cam a2200000 a 4500
001 UCG8786
003 CL-VaPUC
008 111229e20110000AG |||||||||||||||||spa|d
020 |a 9789876291620 
082 0 4 |a 909.82  |b BEJ  |2 21 
100 0 |a Béjar, María Dolores  |e author  |9 559957 
245 1 0 |a Historia del siglo XX: Europa, América, Asia, Africa y Oceanía 
250 |a 1a. ed 
300 |a 464 p 
942 |c BK 
945 |d 20111229 00:00:00  |a dcastane 
260 |a Buenos Aires  |b Siglo Veintiuno  |c 2011 
650 0 |a Historia universal  |9 266877 
650 7 |a GUERRA MUNDIAL  |2 CL-VaPUC  |9 346688 
650 0 |a Revoluciones  |9 255713 
650 0 |a Liberalismo  |9 255715 
650 0 |a Guerra Fría   |9 319648 
650 0 |a Socialismo  |9 255260 
583 |a last modification  |c 20111229 10:48:00  |k Rodrigo Vera 
490 0 |a Biblioteca Básica de Historia 
999 |c 346383  |d 346381 
952 |0 0  |1 0  |4 0  |6 909_820000000000000_BEJ_2011  |7 0  |8 A  |9 447064  |a BIBHIS  |b BIBHIS  |d 2019-11-22  |i 481925K  |l 5  |o 909.82 BEJ 2011  |p 481925K  |r 2025-03-25  |s 2025-03-25  |w 2019-11-22  |y BK  |k HIS 
952 |0 0  |1 0  |3 erb  |4 0  |6 909_820000000000000_BEJ_2011  |7 0  |8 A  |9 447065  |a BIBHIS  |b BIBHIS  |i 5505488  |o 909.82 BEJ 2011  |p 5505488  |r 2025-01-20  |w 2019-11-22  |y BK  |z Catalogado en:20181012  |k HIS